discover universiti teknologi brunei library

Works of Kālidāsa : (Record no. 24165)

MARC details
000 -LEADER
fixed length control field 01089nam a2200229 4500
008 - FIXED-LENGTH DATA ELEMENTS--GENERAL INFORMATION
fixed length control field 260521b2018 ||| |||g |||| 00| 0 eng d
020 ## - INTERNATIONAL STANDARD BOOK NUMBER
International Standard Book Number 9788120800236
Qualifying information hardback
040 ## - CATALOGING SOURCE
Original cataloging agency Universiti Teknologi Brunei
Language of cataloging eng
Transcribing agency UTB
084 ## - BOOK Call Number
Classification number PK3795 KAL 2018
100 1# - MAIN ENTRY--PERSONAL NAME
Personal name Kalidasa
Relator term author.
245 10 - TITLE STATEMENT
Title Works of Kālidāsa :
Remainder of title volume 1 : three plays /
Statement of responsibility, etc. edited with an exhaustive introduction, translation and critical and explanatory notes by C.R. Devadhar.
260 ## - PUBLICATION, DISTRIBUTION, ETC. (IMPRINT)
Place of publication, distribution, etc. New Delhi :
Name of publisher, distributor, etc. Motilal Banarsidass Publishers,
Date of publication, distribution, etc. 1981 (reprinted 2015).
300 ## - PHYSICAL DESCRIPTION
Extent xxxii, 312 pages :
Dimensions 22 cm.
500 ## - GENERAL NOTE
General note Parallel text in Sanskrit and English translation.
500 ## - GENERAL NOTE
General note volume 1: Three plays: Abhijñānaśākuntalam, Vikramorvaśīyam, Mālavikāgnimitram.
650 #4 - SUBJECT ADDED ENTRY--TOPICAL TERM
Topical term or geographic name entry element Sanskrit drama
Form subdivision Translations into English.
650 #4 - SUBJECT ADDED ENTRY--TOPICAL TERM
Topical term or geographic name entry element Sanskrit drama
General subdivision History and criticism.
650 #4 - SUBJECT ADDED ENTRY--TOPICAL TERM
Topical term or geographic name entry element Kālidāsa
Form subdivision Translations into English.
700 1# - ADDED ENTRY--PERSONAL NAME
Personal name Devadhar, C. R.
Fuller form of name (Chintaman Ramchandra)
Relator term editor, translator.
942 ## - ADDED ENTRY ELEMENTS (KOHA)
Source of classification or shelving scheme Local Classification
Suppress in OPAC No
Koha item type General Collection
998 ## - LOCAL CONTROL INFORMATION (RLIN)
Internal field Book
CC (RLIN) 829062 : 013416 c. 1 UTB
Internal field Donated by India Embassy
Holdings
Withdrawn status Lost status Source of classification or shelving scheme Damaged status Not for loan Home library Current library Shelving location Date acquired Source of acquisition Total Checkouts Full call number Barcode Date last seen Copy number Price effective from Koha item type Public note
    Local Classification Not damaged   Universiti Teknologi Brunei Library Universiti Teknologi Brunei Library - at level 1 08/07/2019 Donated by India Embassy   PK3795 KAL 2018 c. 1 829062 21/05/2026 c. 1 21/05/2026 General Collection Reg. no. 013416_UTB

library opening hours

24/7 study area

Friday Open 24 hours (Closed during Friday Prayers from 11.30am to 2.30pm)